| 000 | 00769nam a22002177a 4500 | ||
|---|---|---|---|
| 999 |
_c15245 _d15245 |
||
| 003 | OSt | ||
| 082 | _2631.587 BHA/OP | ||
| 088 | _aP 76 | ||
| 100 |
_aBHASKARAN K _93790 |
||
| 245 | _aOptimization of pumping schedule for increasing the yield of open wells | ||
| 260 |
_aTavanur 1998 _bDepartment of Irrigation and Drainage Engineering |
||
| 300 | _a73 | ||
| 500 | _aOptimization of pumping schedule for increasing the yield of open wells | ||
| 520 | _aOptimization of pumping schedule for increasing the yield of open wells | ||
| 700 |
_aJinu A _93791 |
||
| 700 |
_aPriya M _93792 |
||
| 700 |
_aSreedevidya M. L _93793 |
||
| 700 |
_aEr. Mary Regina F (Guide) _93754 |
||
| 856 | _uhttps://drive.google.com/open?id=15XhKynPbbScZzB8OhtGvugaAxBLqr9ss | ||
| 942 | _cPR | ||